000 00728nam a2200229Ia 4500
003 GCL
008 140319s9999 xx 000 0 ara d
040 _aGCL /
_cGCL
082 0 4 _a809
_bا ك
100 1 _aاحمد عثمان
245 1 0 _aكليوباترا وانطونيوس : دراسة فى فن بلوتارخوس وشكسبير وشوقى . /
_cاحمد عثمان
260 _a[S.N] :
_bايجيبتوس ،
_c1990
300 _a511 ص
490 _a
650 0 4 _aالادب المقارن
650 0 4 _aاحمد شوقى
650 0 4 _aالادب اليونانى القديم
650 0 4 _aبلوتارخوس
650 0 4 _aتاريخ ونقد
650 0 4 _aشكسبير، ويليام
942 _2ddc
_cBK
999 _c35285
_d35285